000 00758nam a2200241 a 4500
001 000023507
005 20250520113530.0
008 101210s1989 sp a r 000 | spa d
020 _a8486344654
040 _aDO-SdBNP
_bspa
_cBNPHU
041 _aeng
_hspa
_2Código de idioma MARC
082 _a150
_bH412u, 1989
100 1 _aHay, Louise L.
_948448
240 1 0 _aYou can heal your life
_lespañol
245 1 0 _aUsted puede sanar su vida /
_cLouise L. Hay ; traducción de Marta I. Guastavino.
250 _a25a ed.
260 _aBarcelona :
_bUrano,
_c1989.
300 _a230 p. :
_bil. ;
_c22 cm.
534 _aTítulo original :
_tYou can heal your life
650 0 _aPsicología
_9152
700 1 _aGuastavino, Marta I.
_etr.
_948449
049 _aBNGR
999 _c23003
_d23003